• 首页
  • 本馆介绍
  • 公告通知
  • 最新文献
  • 馆藏检索
  • 电子资源
  • 读者导购
  • 参考咨询
  • 我的图书馆
  • 登录
  • 详细信息显示
  • 放入我的书架
  • 预约/预借图书
  • 作者相关作品
  • 分类相关作品
  • 丛书相关作品
  • 出版社相关作品

书目信息

  • 表格格式
  • 工作单格式
  • 卡片格式
题名:
北京古代建筑博物馆文丛
    
 
作者: ;北京古代建筑博物馆 编
分册: 第一辑(2014)  
出版信息: 北京   学苑出版社  2014
页数: 18,346页
开本: 27cm
丛书名:
单 册:
中图分类: TU , TU-0
科图分类:
主题词: 古建筑--博物馆--北京--文集 , 建筑学--理论
电子资源:
ISBN: 978-7-5077-4659-4
000 01051nam0 2200253 450
001 012015000023
005 20151130144234.76
010    @a978-7-5077-4659-4@b精装@dCNY280.00
100    @a20150712d2014 em y0chiy50 ea
101 0  @achi
102    @aCN@b110000
105    @aa z 000yy
106    @ar
200 1  @a北京古代建筑博物馆文丛@Abei jing gu dai jian zhu bo wu guan wen cong@h第一辑(2014)@f北京古代建筑博物馆编
210    @a北京@c学苑出版社@d2014
215    @a18,346页@c图,照片@d27cm
330    @a本书收录了一些古建专家和北京古代建筑博物馆科研工作者的三十余篇文章。全书共分为博物馆学研究和先农坛及先农文化研究两部分,包含了《从中国古建筑最根本的特征谈起》、《博物馆陈列施工组织运作初探》、《试述博物馆数字化办公基础建设的重要性》、《从祭享先农看国家祭礼的政治与宗教性》等文章。
606 0  @a古建筑@x博物馆@y北京@j文集
606 0  @a建筑学@x理论
690    @aTU@v5
690    @aTU-0@v4
711 02 @a北京古代建筑博物馆@Abei jing gu dai jian zhu bo wu guan@4编
801  0 @aCN@b碧洲教育@c20151127
905    @a10447@f2@dTU-0@e118:1
    
    北京古代建筑博物馆文丛.第一辑(2014)/北京古代建筑博物馆编.-北京:学苑出版社,2014
    18,346页:图,照片;27cm
    
    
    ISBN 978-7-5077-4659-4(精装):CNY280.00
    本书收录了一些古建专家和北京古代建筑博物馆科研工作者的三十余篇文章。全书共分为博物馆学研究和先农坛及先农文化研究两部分,包含了《从中国古建筑最根本的特征谈起》、《博物馆陈列施工组织运作初探》、《试述博物馆数字化办公基础建设的重要性》、《从祭享先农看国家祭礼的政治与宗教性》等文章。
●
相关链接 在E读中查询图书 在五车中查询图书 在当当中查询图书 在豆瓣中查询图书


正题名:北京古代建筑博物馆文丛     索取号:TU-0/118:1         预约/预借

序号 登录号 条形码 馆藏地/架位号 状态 备注
1 0871654   208716549   第二样本阅览室/ [索取号:TU-0/118:1] 在馆    
2 0871655   208716558   第三借阅区/ [索取号:TU-0/118:1] 在馆    
唐山师范学院图书馆 欢迎您!
大连网信软件有限公司© 版权所有